logo

Bir Sreshtho Munshi Abdur Rouf Library
Jhenaidah Cadet College

রাজনীতির পঞ্চাশ বছর / (Record no. 5651)

MARC details
000 -LEADER
fixed length control field 00671nam a2200217 a 4500
001 - CONTROL NUMBER
JCCL Control Number 5651
003 - CONTROL NUMBER IDENTIFIER
JCCL marc code BD-JhCC
005 - DATE AND TIME OF LATEST TRANSACTION
control field 20180310091209.0
008 - FIXED-LENGTH DATA ELEMENTS--GENERAL INFORMATION
fixed length control field 171126s1975 bg |||| ||a| 000 0 ben d
035 ## - SYSTEM CONTROL NUMBER
system control number (BD-JhCC)5651
040 ## - CATALOGING SOURCE
Original cataloging agency BD-JhCC
Modifying agency BD-JhCC
041 ## - LANGUAGE CODE
Language code of Book ben
082 ## - DEWEY DECIMAL CLASSIFICATION NUMBER
Classification number 891.4409
Author mark and Year AHA 1975
100 ## - MAIN ENTRY--PERSONAL NAME
Personal name আহমদ, আবুল মনসুর
245 ## - TITLE STATEMENT
Title রাজনীতির পঞ্চাশ বছর /
Statement of responsibility, etc আবুল মনসুর আহমদ
260 ## - PUBLICATION, DISTRIBUTION, ETC. (IMPRINT)
Place of publication, distribution, etc ঢাকা :
Name of publisher, distributor, etc নওরোজ কিতাবিস্তান :
Date of publication, distribution, etc 1975.
300 ## - PHYSICAL DESCRIPTION
Pagination 839 p. :
Dimensions 21 cm.
650 ## - SUBJECT ADDED ENTRY--TOPICAL TERM
Topical term or geographic name as entry element Bengali Literature
942 ## - ADDED ENTRY ELEMENTS (KOHA)
Source of classification or shelving scheme Dewey Decimal Classification
Koha item type Books
Holdings
Source of classification or shelving scheme Damaged status Not for loan Home library Current library Shelving location Date of accession Cost, normal purchase price Total Checkouts Full call number Barcode Date last seen Copy number Koha item type
Dewey Decimal Classification     JCC Rouf Library JCC Rouf Library General Stacks 12/19/2017 50.00   891.4409 AHA 1975 7522 12/19/2017 C-1 Books

JCC Library | Contacts | JCC Home

Last Update on 23 September 2017
Copyright @ 2017-2020 JCC Rouf Library
Rouf Library, Jhenidah Cadet College (JCC), Bangladesh